000 00683nam a2200217 i 4500
001 bgj
100 1 _aO'DRISCOLL, James.
245 1 0 _aBritain :
_b[the country and its people : an introduction for learners of English] /
_cJames O'Driscoll.
250 _a[2nd impr.].
260 _aOxford [etc.] :
_bOxford Univ. Press,
_c1995.
300 _a224 pp :
_bfig., maps, phot. colour ;
_c26 cm.
505 _aIncl. index.
651 9 _aGreat Britain
_xSocial life and culture
655 _aProblems, excercises, etc.
020 _a019432429X (pbk)
040 _cBPK
041 0 _aeng
920 _a0-19-432429-X (pbk)
942 _cKS
008 s uk f |000 0 eng
999 _c50120
_d50120